000 00661nam a22002177a 4500
003 UA-OsUOA
001 73097
007 ta
008 20110210b un ||||| |||| 00| 0 ukr d
100 _aНікітіна Н.
090 _a82
_bН71
942 _cSA
040 _aUA-OsUOA
_bukr
_cUA-OsUOA
_dUA-OsUOA
245 _aБастіони сучасної технічної довершеності (на матеріалі жіночої прози кін. ХХ - поч. ХХІ ст.)
300 _aС.85-93
955 _a0
041 _aukr
080 _a82
773 0 _w73095
650 7 _a82 Література. Літературознавство
_2UDC
999 _c359382
_d359382